Diaspora-Taiwan - Statistics

General Stats
  • This quiz has been taken 161 times
  • The average score is 18 of 21
Answer Stats
Number of immigrants Continent Country % Correct
364.595 North America United States of America
99%
66.455 North America Canada
98%
61.000 Asia Japan
98%
1.000.000 Asia China
97%
70.000 South America Brazil
96%
55.960 Oceania Australia
95%
20.981 Asia South Korea
95%
510.000 Asia Indonesia
91%
60.000 Asia Vietnam
91%
45.000 Asia Malaysia
90%
10.000 Oceania New Zealand
89%
60.000 Asia Singapore
89%
140.000 Asia Thailand
89%
6.000 Europe United Kingdom
89%
11.000 Europe France
88%
7.000 Europe Germany
84%
11.000 South America Argentina
78%
22.213 Asia the Philippines
78%
10.000 Africa South Africa
70%
14.000 North America Costa Rica
49%
38.000 Asia Brunei
47%
No matching quizzes found
Score Distribution
Percent of People with Each Score
Percentile by Number Answered
Your Score History
You have not taken this quiz